000 00710nam a2200205Ii 4500
003 JO-AjNU
008 230605s9999||||xx |||||||||||||| ||und||
040 _aJO-AjNU
_bara
_erda
_cJO-AjNU
041 _aara
050 1 4 _aPJ7750.M8.Z87 1993
100 3 _aتأليف السامرائي،إبراهيم,
_eauthor
_917828
245 0 0 _aفي مجلس أبي الطيب المتنبي
250 _aط1
264 3 1 _aبيروت:دار الجيل،1993
300 _a168ص
336 _atext
_btxt
_2rdacontent
337 _aunmediated
_bn
_2rdamedia
338 _avolume
_bnc
_2rdacarrier
650 4 _a الشعر العربي - تاريخ ونقد - العصر العباسي - المتنبي - مجالس
_917829
999 _aA5589
_c9157
_d9157